000
00306nam a22001337a 4500
020
_a
0 85157 190 5
082
_a
021.609 595 WIJ
100
_a
Wijasuriy, D.E.K
245
_a
The Barefoot Librarian
260
_a
london
_b
clive bingley
_c
1975
300
_a
120p
_b
ill.;22cm
500
_a
INDEX
942
_c
BK
999
_c
19135
_d
19135